Fluidised drum granulation /

Guardado en:
Otros Autores: Sarwono, Rakhman. (Disertante)
Formato: Manuscrito
Idioma:Spanish
Publicado: 1994.
Materias:
Etiquetas: Agregar Etiqueta
Sin Etiquetas, Sea el primero en etiquetar este registro!
LEADER 00839ntm a22002295a 4500
001 EIQ.libpla000525
008 060220s1994####at#ao####bm###000#0#spa#d
005 20070703171431.0
245 1 0 |a Fluidised drum granulation /  |c Rakhman Sarwono. 
260 |c 1994. 
300 |a 1 v. (en varias paginaciones) :  |b il., fotos ;  |c 30 cm. 
502 |a Tesis (M.A.)--University of Queensland. Department of Chemical Engineering, 1994. 
500 |a Director de tesis: Dr. Jim D. Litster. 
504 |a Incluye referencias bibliográficas. 
100 1 |a Sarwono, Rakhman.  |4 dis 
710 2 |a University of Queensland  |4 dgg. 
650 4 |a Aglomeración  |x Tesis. 
650 4 |a Granulación  |x Tesis. 
650 4 |a Granulation  |x Thesis. 
650 4 |a Agglomeration  |x Thesis. 
040 |a AR-BbSID  |b spa  |c AR-BbSID 
859 |a AR-BbSID  |b BIB. PLAPIQUI  |h 660.28429  |i Sa 77  |p 5822